| 000 | 00690nam a2200205Ia 4500 | ||
|---|---|---|---|
| 999 |
_c36185 _d36185 |
||
| 001 | 2087 | ||
| 003 | GE_BSU | ||
| 005 | 20221024113540.0 | ||
| 008 | 181216s2001ru xx |||||||||||||| ||rus|| | ||
| 040 | _cGE_BSU | ||
| 041 |
_arus _hfr |
||
| 080 | _a811.133.1(075.8) М-91 | ||
| 245 |
_aГрамматика французского языка / _cПод ред.В.Г.Гака, |
||
| 264 |
_aМосква : _bРольф, _c2001. |
||
| 300 |
_a256 стр. : _b20 см. |
||
| 653 | _aГрамматика французского языка | ||
| 653 | _aფრანგული გრამატიკა | ||
| 700 |
_aГака,В.Г. _eრედაქტორი _915470 |
||
| 942 |
_cBK _2udc |
||